Faculty of Law Library — Cairo University

Official Online Catalog

Diritto amministrativo internazionale. (Record no. 64299)

MARC details
000 -LEADER
fixed length control field 00955nam a2200277 4500
003 - CONTROL NUMBER IDENTIFIER
control field EG-GICUC
005 - DATE AND TIME OF LATEST TRANSACTION
control field 20260227122107.0
008 - FIXED-LENGTH DATA ELEMENTS--GENERAL INFORMATION
fixed length control field 260227s1964 it ||||fr|||| 00| 0 ita d
040 ## - CATALOGING SOURCE
Original cataloging agency EG-GiCUC
Transcribing agency EG-GiCUC
Modifying agency EG-GiCUC
Description conventions Rda
Language of cataloging ita
041 0# - LANGUAGE CODE
Language code of text/sound track or separate title ita
082 04 - DEWEY DECIMAL CLASSIFICATION NUMBER
Edition number 21
Classification number 341
Item number BI . D
092 04 - LOCALLY ASSIGNED DEWEY CALL NUMBER (OCLC)
Edition number 21
099 ## - LOCAL FREE-TEXT CALL NUMBER (OCLC)
Classification number Law1 341 BI . D 1964
100 1# - MAIN ENTRY--PERSONAL NAME
Personal name Biscottini, Giuseppe
Relator term Author.
245 10 - TITLE STATEMENT
Title Diritto amministrativo internazionale.
Number of part/section of a work Tome Primo,
Remainder of title La rilevanzna degli ; atti amministrativi stranieri /
Statement of responsibility, etc. Giuseppe Biscottini.
264 #1 - PRODUCTION, PUBLICATION, DISTRIBUTION, MANUFACTURE, AND COPYRIGHT NOTICE
Place of production, publication, distribution, manufacture Padova :
Name of producer, publisher, distributor, manufacturer Cedam - Casa Editrice Droit,
Date of production, publication, distribution, manufacture, or copyright notice 1964.
300 ## - PHYSICAL DESCRIPTION
Extent 433 page ;
Dimensions 24 cm.
336 ## - CONTENT TYPE
Source rda contenu
Content type term texte
337 ## - MEDIA TYPE
Source rda medias
Media type term Ordinateur
338 ## - CARRIER TYPE
Source transporteur rda
Carrier type term Ressource en ligne
546 ## - LANGUAGE NOTE
Language note Text in Italian
650 14 - SUBJECT ADDED ENTRY--TOPICAL TERM
Source of heading or term القانون الدولي الإداري
856 40 - ELECTRONIC LOCATION AND ACCESS
Uniform Resource Identifier <a href="https://fll.law.cu.edu.eg/fulltext/bks/B11-07994.pdf">https://fll.law.cu.edu.eg/fulltext/bks/B11-07994.pdf</a>
905 ## - Cataloger and Reviser Names
Cataloger Name: Abdulrhman Sobhy
942 ## - ADDED ENTRY ELEMENTS (KOHA)
Source of classification or shelving scheme Dewey Decimal Classification
Koha item type Books
Edition 21
Suppress in OPAC No
Holdings
Withdrawn status Lost status Source of classification or shelving scheme Materials specified (bound volume or other part) Damaged status Not for loan Collection Home library Current library Date acquired Total checkouts Full call number Barcode Date last seen Copy number Price effective from Koha item type
    Dewey Decimal Classification V1   Not for loan القانون الدولي العام جــــامعة القــاهرة مكتبة كلية الحقوق - المبنى الرئيسي 27.02.2026   Law1 341 BI . D 1964 1107994 V1, C1 B11-07994 27.02.2026 1 27.02.2026 Books

© All rights reserved — Faculty of Law, Cairo University